Statistics for Biggest City in each U.S. State by Letter F

Click here to take the quiz!

General Stats

  • This quiz has been taken 455 times
  • The average score is 10 of 15

Answer Stats

StatePopulationCity% Correct
California494.665Fresno
95%
Texas741.206Fort Worth
93%
North Dakota105.549Fargo
89%
Indiana253.691Fort Wayne
87%
Arkansas92.466Fayetteville
76%
North Carolina200.564Fayetteville
76%
Florida182.595Fort Lauderdale
76%
Colorado143.986Fort Collins
74%
Michigan102.434Flint
68%
Arizona65.870Flagstaff
66%
Maryland65.239Frederick
48%
Tennessee62.487Franklin
40%
Washington89.306Federal Way
33%
Massachusetts88.857Fall River
28%
Missouri52.158Florissant
14%

Score Distribution

Percentile by Number Answered

Percent of People with Each Score

Your Score History

You have not taken this quiz